DDLC Trivia - Statistics

General Stats
  • This quiz has been taken 53 times
    27 since last reset
  • The average score is 11 of 22
Answer Stats
Hint Answer % Correct
Who is the first character the protagonist is introduced to? Sayori
100%
Which character was formerly a part of the Debate Club before the events of the game? Monika
95%
Who made the cupcakes for the new member? Natsuki
95%
What instrument does Monika play? Piano
95%
Who has a tea set in the clubroom? Yuri
95%
What is the full name of the game? Doki Doki Literature Club!
68%
What track in the OST has English lyrics? Your Reality
68%
What infamous line precedes entering Sayori's room? I gently open the door
63%
Who made DDLC? Team Salvato
63%
What does Yuri take from the protagonist in Act 2? Pen
58%
What is the name of the book that Yuri reads with the protagonist during her route? Portrait of Markov
53%
What song plays during the fight between Natsuki and Yuri in Act 1? Poem Panic!
47%
What is Sayori's last poem called? Percent
37%
What is MONIKA commonly believed to be an abbreviation of? Monitor Kernel Access
32%
What song plays during the Act 2 weekend? Play With Me (Variant 6)/Have a Nice Weekend!
32%
What future project is teased in DDLC? Project Libitina
32%
What song plays during the scene where Yuri says, "Who cares about that obnoxious brat."? My Feelings (Variant)/My Sanity
26%
What file contains an inverted image that can be placed on a cone to reveal an image of a woman? natsuki.chr
26%
What is the first song that plays after you start a new game and get off the menu? Ohayou Sayori!
26%
What is the line in Natsuki's Act 2, Day 4 poem that is in all caps and followed by four exclamation marks? DON'T LET HER KNOW I WROTE THIS!!!!
16%
What is there seven of in Yuri's "Wheel" poem? Holy Stakes
11%
What concept that is commonly related to Yuri is believed to be related to the prior answer? Third Eye
11%
No matching quizzes found
Score Distribution
Percent of People with Each Score
Percentile by Number Answered
Your Score History
You have not taken this quiz since the last reset